| 000 | 00000nam 2200000za 4500 |
| 001 | 9.695054 |
| 003 | CaOODSP |
| 005 | 20221107134511 |
| 007 | cr ||||||||||| |
| 008 | 150407s1998||||onc||||#o f00| 0 eng d |
| 040 | |aCaOODSP|beng |
| 043 | |an-cn--- |
| 086 | 1 |aJ2-150/1998E-PDF |
| 245 | 00|aAnnotated language laws of Canada |h[electronic resource] : |bconstitutional, federal, provincial and territorial laws / |cOfficial Languages Law Group, Public Law and Central Agencies Porfolio, Department of Justice Canada. |
| 250 | |a2nd ed., rev., corr. and augm. |
| 260 | |a[Ottawa : |bJustice Canada],|c2000. |
| 300 | |a511p. |
| 500 | |aAt head of title: Department of Justice Canada and Department of Heritage Canada. |
| 500 | |aThe catalogue number (J2-150/1998E) and ISBN (0-662-27077-0) for the print edition have been incorrectly copied in this electronic publication. |
| 590 | |a11-22-Supp|b2011-10-13 |
| 690 | 07|aLanguages|2gcpds |
| 690 | 07|aLegislation|2gcpds |
| 710 | 1 |aCanada.|bJustice Canada. |
| 710 | 1 |aCanada. |bCanadian Heritage. |
| 775 | 08|tLois linguistiques du Canada annotées |w(CaOODSP)9.639212 |
| 856 | 40|ahttp://publications.gc.ca|qPDF|s1.15 MB|uhttps://publications.gc.ca/collections/collection_2011/jus/J2-150-1998-eng.pdf |